Loading...
Advances in geophysics
| Other Authors: | |
|---|---|
| Format: | Printed Book |
| Language: | English |
| Published: |
New Delhi
Oxford & IBH
1988
|
| Subjects: |
| LEADER | 00517nam a2200169 a 4500 | ||
|---|---|---|---|
| 005 | 20151028161950.0 | ||
| 008 | 960221s1955 dcuabcdjdbkoqu001 0deng d | ||
| 003 | ViArRB | ||
| 082 | |a 551 |b M81 | ||
| 100 | |a Bhattacharya, B. B. |e Editor |9 17072 | ||
| 245 | |a Advances in geophysics | ||
| 653 | |a Study of focal mechanism | ||
| 942 | |c BK |6 _ | ||
| 942 | |c BK | ||
| 260 | |a New Delhi |b Oxford & IBH |c 1988 | ||
| 999 | |c 72593 |d 72593 | ||
| 952 | |0 0 |1 0 |2 ddc |4 0 |6 551_M81 |7 0 |9 84520 |a SOS |b SOS |d 2010-01-29 |o 551 M81 |p MS005588 |r 2013-06-14 |w 2009-07-13 |y BK | ||